Countries Who Have Declared National Mourning For Queen Elizabeth II - Statistics

General Stats
  • This quiz has been taken 121 times
  • The average score is 10 of 27
Answer Stats
Length Country % Correct
10 Canada
94%
1 Australia
92%
10 United Kingdom
91%
10 New Zealand
86%
1 India
63%
1 Jamaica
54%
3 Kenya
53%
5 Tanzania
41%
7 Ghana
39%
3 Bangladesh
36%
1 Sri Lanka
36%
2 Dominica
33%
3 Solomon Islands
29%
1 Mauritius
28%
10 Rwanda
28%
1 Seychelles
28%
10 Malawi
26%
3 Oman
26%
3 United Arab Emirates
26%
3 Bahrain
23%
3 Kuwait
22%
3 Nepal
20%
3 Brazil
19%
1 Bhutan
16%
7 Jordan
16%
1 Cuba
9%
4 Lebanon
9%
No matching quizzes found
Score Distribution
Percent of People with Each Score
Percentile by Number Answered
Your Score History
You have not taken this quiz